| 000 | 00663nam a2200241 a 4500 | ||
|---|---|---|---|
| 001 | 52433 | ||
| 003 | BD-RjUL | ||
| 005 | 20211209075814.0 | ||
| 008 | 160920s1929 enka b 001 0 eng | ||
| 035 | _a(BD-RjUL)52553 | ||
| 040 |
_aDLC _cDLC _dBD-RjUL _beng |
||
| 041 | _aeng | ||
| 082 | 0 | 0 |
_a530.12 _bCOQ 1929 _223 |
| 100 | 1 |
_aCondon, Edward Uhler _926037 |
|
| 245 | 1 | 0 |
_aQuantum mechanics / _cEdward Uhler Condon |
| 260 |
_aNew York : _bMcGraw, _c1929 |
||
| 300 |
_axiii, 250 p. : _bill, ; _c23 cm. |
||
| 500 | _aIncludes index. | ||
| 650 | 0 |
_aQuantum theory. _926038 |
|
| 700 |
_aMorse, Philip M _9156861 |
||
| 942 |
_2ddc _cBK |
||
| 999 |
_c52433 _d52433 |
||